000 00286nam a2200121Ia 4500
005 20251222154409.0
008 251222s9999||||xx |||||||||||||| ||spa||
020 _a84-376-0681-0
082 _a858.9/V49
100 _a"Verga, Giovanni Carmelo"
245 0 _aLos Malavoglia
942 _cLIB
999 _c35594
_d35594